000 01737cam a2200457 4500
003 PE-LiUPU
005 20250731173409.0
008 1994 sp b
020 _a8474657197
035 _a(Sirsi) i9788474657197
035 _a(Sirsi) 46147
035 _a(Sirsi) 46147
041 _aes
044 _aes
082 0 4 _a222.8
_bV27
100 1 _aVallés Casamayor, Ramón
245 _aYo, Nehemías /
_cRamón Vallés Casamayor.
264 1 _aTerrassa, Barcelona :
_bCLIE,
_c1994
300 _a336 páginas ;
_c20 centímetros
500 _aUna autobiografía del autor bíblico que mas tiene que decir a la iglesia de hoy.
505 0 _aUna delegación judía llega a Susa -- Jehová da el visto bueno a Nehemías -- El pueblo unido, pone manos a la obra -- El muro es reedificado -- Los que volvieron con Zorobabel -- Esdras entra de nuevo en acción -- Pacto del pueblo de Judá c
526 _aSEG42
526 _aSEG41
526 _aSEG40
526 _aSEG39
526 _aP94
526 _aP87
526 _aP86
526 _aP85
526 _aP77
526 _aP76
526 _aP35
630 _aBiblia
_pA.T.
_pNehemías
_vComentarios
942 _2ddc
_cBOOK
949 _a222.8 V27
_i63703
_lCCODEBUL1
_mBUL
_tLIBRO
_o.STAFF. Colección Teología
859 _q63703
_h222.8
_iV27
910 _agl
_bjv
_clch
_d20111010
596 _a1
999 _a222.8 V27
_wDEWEY
_c52602
_i63703
_d52602
_e2015-10-13
_f2021-11-9
_g5
_lCCODEBUL1
_mBUL
_n1
_p11.00
_q3
_r0
_sY
_tBOOK
_u2015-7-6
_xTEOLOGIA
_PP35
_0COMPRA
_o.STAFF. Colección Teología
980 _81
_gALBERTO SANCHEZ Responsable de Automatización